Práce s lepidly a tmely

Salvato in:
Dettagli Bibliografici
Autore principale: Osten, Miloš (Autore)
Natura: Libro
Lingua:ceco
Pubblicazione: Praha : Grada, 1996
Tags: Aggiungi Tag
Nessun Tag, puoi essere il primo ad aggiungerne!!

MARC

LEADER 00000nam a22000003a 4500
001 stu30188
005 20150617225734.7
008 970407s1996----cs------------------cze-d
020 |a 80-7169-338-3 
040 |a STU  |b slo 
041 0 |a cze 
044 |a cs 
080 |a 666.966 
080 |a 666.968 
100 1 |a Osten, Miloš  |4 aut 
245 1 |a Práce s lepidly a tmely 
260 |a Praha :  |b Grada,  |c 1996 
300 |a 129 s 
996 |b 284V027926  |c V*44174/O-19239  |l VVT  |s A  |a 24  |w stu30188_0001 
996 |b 284V008120  |c V*44175/O-19239a  |l VVS  |s A  |a 24  |w stu30188_0002 
996 |b 284V008121  |c V*44176/O-19239b  |l VVS  |s A  |a 24  |w stu30188_0003 
996 |c V*44026/O-19177  |l VV15  |s P  |a 0  |w stu30188_0004